[Event "Porlamar Navidad Asoajedrene"]
[Site "Porlamar"]
[Date "2014.12.12"]
[Round "5.2"]
[White "Perez Sanchez, Ricardo Jose"]
[Black "Mata Alfaro, Christian Daniel"]
[Result "1-0"]
[WhiteElo "2007"]
[BlackElo "1654"]
[PlyCount "61"]
[EventDate "2014.12.10"]
[EventType "swiss"]
[EventRounds "7"]
[EventCountry "VEN"]
[SourceTitle "EXT 2022"]
[Source "ChessBase"]
[SourceDate "2021.10.06"]
[SourceVersion "1"]
[SourceVersionDate "2021.10.06"]
[SourceQuality "1"]

1. c4 Nf6 2. d4 g6 3. Nc3 d5 4. g3 Bg7 5. Bg2 dxc4 6. Qa4+ Bd7 7. Qxc4 Nc6 8. e4 0-0 9. Nf3 Bg4 10. Be3 Re8 11. Rd1 Nd7 12. h3 Nb6 13. Qc5 Bd7 14. 0-0 e5 15. dxe5 Nxe5 16. Bg5 Nxf3+ 17. Bxf3 Qc8 18. h4 Bc6 19. Rd2 Re5 20. Nd5 Nxd5 21. exd5 Qf5 22. Bf4 Ree8 23. Bg2 Bf8 24. Qc4 Bxd5 25. Qxc7 Rab8 26. Qa5 Ra8 27. Rc1 b6 28. Qa6 Be6 29. Bxa8 Rxa8 30. Qb7 Re8 31. Qxa7 1-0

[Event "Porlamar FVA 3rd"]
[Site "Porlamar"]
[Date "2014.04.05"]
[Round "5.8"]
[White "Perez Sanchez, Ricardo Jose"]
[Black "Pinerua Salazar, Vicmarys"]
[Result "1-0"]
[WhiteElo "1992"]
[BlackElo "1435"]
[PlyCount "67"]
[EventDate "2014.04.04"]
[EventType "swiss"]
[EventRounds "7"]
[EventCountry "VEN"]
[SourceTitle "EXT 2022"]
[Source "ChessBase"]
[SourceDate "2021.10.06"]
[SourceVersion "1"]
[SourceVersionDate "2021.10.06"]
[SourceQuality "1"]

1. e4 Nf6 2. e5 Nd5 3. c4 Nb6 4. d4 d6 5. f4 g5 6. Nc3 Bg7 7. exd6 cxd6 8. fxg5 Nc6 9. Nf3 Bg4 10. Be3 Bxf3 11. gxf3 e6 12. Be2 h6 13. Qd2 hxg5 14. Bxg5 Bf6 15. Ne4 Bxg5 16. Nxg5 Rg8 17. h4 Qe7 18. 0-0-0 f6 19. Ne4 d5 20. cxd5 Nxd5 21. Bb5 Rc8 22. Kb1 Kd8 23. Rhe1 a6 24. Ba4 Qb4 25. Nc5 Qxd2 26. Nxe6+ Kd7 27. Rxd2 Rce8 28. Rde2 Kd6 29. Bb3 Nc7 30. f4 Nxe6 31. Rxe6+ Rxe6 32. Rxe6+ Kd7 33. Rxc6 Kxc6 34. Bxg8 1-0

[Event "Porlamar FVA 3rd"]
[Site "Porlamar"]
[Date "2014.04.04"]
[Round "1.4"]
[White "Perez Sanchez, Ricardo Jose"]
[Black "Yepez Moreno, Catherine Celeste"]
[Result "1-0"]
[WhiteElo "1992"]
[BlackElo "1517"]
[PlyCount "43"]
[EventDate "2014.04.04"]
[EventType "swiss"]
[EventRounds "7"]
[EventCountry "VEN"]
[SourceTitle "EXT 2022"]
[Source "ChessBase"]
[SourceDate "2021.10.06"]
[SourceVersion "1"]
[SourceVersionDate "2021.10.06"]
[SourceQuality "1"]

1. e4 e5 2. Nc3 Nf6 3. f4 Nc6 4. fxe5 Nxe5 5. d4 Nc6 6. Nf3 d6 7. Bc4 Be7 8. 0-0 0-0 9. a3 Bg4 10. Qd3 Bxf3 11. Rxf3 a6 12. Bd2 b5 13. Ba2 Qb8 14. Raf1 Qb7 15. Nd5 Nxd5 16. Bxd5 Bf6 17. Kh1 Qb6 18. Bxc6 Qxc6 19. e5 Qc4 20. exf6 gxf6 21. Rg3+ Kh8 22. Qf3 1-0

[Event "Porlamar FVA 1st"]
[Site "Porlamar"]
[Date "2014.02.23"]
[Round "7.1"]
[White "Perez Sanchez, Ricardo Jose"]
[Black "Rondon Chacon, Rene Ibrahim"]
[Result "1-0"]
[WhiteElo "1940"]
[BlackElo "2166"]
[PlyCount "147"]
[EventDate "2014.02.21"]
[EventType "swiss"]
[EventRounds "7"]
[EventCountry "VEN"]
[SourceTitle "EXT 2022"]
[Source "ChessBase"]
[SourceDate "2021.10.06"]
[SourceVersion "1"]
[SourceVersionDate "2021.10.06"]
[SourceQuality "1"]

1. e4 e5 2. Nf3 Nf6 3. Nxe5 d6 4. Nf3 Nxe4 5. Qe2 Qe7 6. d3 Nc5 7. Nc3 Be6 8. d4 Ncd7 9. Bg5 f6 10. Bf4 Bf7 11. Nb5 Na6 12. 0-0-0 Qxe2 13. Bxe2 Kd8 14. a3 Nab8 15. c4 a6 16. Nc3 Nc6 17. h4 Be7 18. Kc2 Re8 19. b4 Bf8 20. Rhe1 Bg6+ 21. Kb3 Bf7 22. Kb2 Nb6 23. d5 Ne5 24. Bxe5 fxe5 25. Ng5 Bg8 26. Kb3 h6 27. Nge4 Nd7 28. Bh5 Re7 29. g4 Bh7 30. g5 g6 31. Bg4 Rf7 32. Be6 Rg7 33. Nf6 Be7 34. Nxd7 hxg5 35. hxg5 Bxg5 36. Nf8 Ke7 37. Nxh7 Rxh7 38. Rg1 Bh4 39. Ne4 Rf8 40. Rh1 Rf3+ 41. Kb2 Rf4 42. Rde1 Rh8 43. Re2 Rhf8 44. f3 g5 45. Bg4 b6 46. Kc3 R8f7 47. Nd2 Rf8 48. Nf1 Kd8 49. Nd2 R8f7 50. Rg1 Rf8 51. Ne4 Ke7 52. Kd3 Kd8 53. Ke3 Ke7 54. Reg2 Kd8 55. Bh5 Rh8 56. Nxg5 Bxg5 57. Rxg5 Rxc4 58. Rg8+ Rxg8 59. Rxg8+ Ke7 60. Bg4 Rc3+ 61. Kd2 Rxa3 62. Rg7+ Kf6 63. Rxc7 a5 64. Rc6 Ra2+ 65. Kc1 Ke7 66. b5 Ra4 67. Bf5 Rb4 68. Rxb6 a4 69. Bd3 Rd4 70. Kc2 Rxd5 71. Ra6 Rd4 72. b6 Rb4 73. Be4 a3 74. b7 1-0

[Event "Porlamar FVA 1st"]
[Site "Porlamar"]
[Date "2014.02.22"]
[Round "4.1"]
[White "Gonzalez Sanchez, Jhoan Gabriel"]
[Black "Perez Sanchez, Ricardo Jose"]
[Result "0-1"]
[WhiteElo "2021"]
[BlackElo "1940"]
[PlyCount "75"]
[EventDate "2014.02.21"]
[EventType "swiss"]
[EventRounds "7"]
[EventCountry "VEN"]
[SourceTitle "EXT 2022"]
[Source "ChessBase"]
[SourceDate "2021.10.06"]
[SourceVersion "1"]
[SourceVersionDate "2021.10.06"]
[SourceQuality "1"]

1. e4 d5 2. exd5 Qxd5 3. Nc3 Qd6 4. d4 e5 5. Be3 exd4 6. Bxd4 Nc6 7. Bb5 Be6 8. Qf3 Nge7 9. 0-0-0 Qb4 10. Be5 a6 11. Bxc6+ bxc6 12. a3 Qa5 13. Bg3 Nd5 14. Nxd5 cxd5 15. Ne2 Be7 16. Nd4 0-0 17. h4 Bf6 18. Rhe1 Qb6 19. Be5 Bxh4 20. Qh5 Bd8 21. Rh1 h6 22. Bxg7 Bg5+ 23. Kb1 Kxg7 24. g3 Rab8 25. b3 Bd7 26. f4 Qg6 27. fxg5 Qxh5 28. Rxh5 Bg4 29. gxh6+ Kg6 30. Rhh1 Bxd1 31. Rxd1 Rfe8 32. Rh1 Rbd8 33. g4 Re4 34. Nf3 f6 35. h7 Rh8 36. Rh5 c6 37. Nh4+ Kf7 38. Nf5 0-1

[Event "Cumana Feria de Santa Ines 1st"]
[Site "Cumana"]
[Date "2014.01.12"]
[Round "7"]
[White "Perez Sanchez, Ricardo Jose"]
[Black "Rodriguez Galanton, Yul Johnattan"]
[Result "1/2-1/2"]
[WhiteElo "1928"]
[BlackElo "2125"]
[PlyCount "46"]
[EventDate "2014.01.09"]
[EventType "swiss"]
[EventRounds "7"]
[EventCountry "VEN"]
[SourceTitle "EXT 2015"]
[Source "ChessBase"]
[SourceDate "2014.11.20"]
[SourceVersion "1"]
[SourceVersionDate "2014.11.20"]
[SourceQuality "1"]

1. e4 Nf6 2. e5 Nd5 3. c4 Nb6 4. c5 Nd5 5. Bc4 e6 6. d4 d6 7. Bxd5 exd5 8. cxd6 cxd6 9. Nf3 Bg4 10. 0-0 Nc6 11. exd6 Bxd6 12. Re1+ Be7 13. Be3 0-0 14. Nc3 Bf6 15. h3 Bxf3 16. Qxf3 Nxd4 17. Bxd4 Bxd4 18. Nxd5 Bxb2 19. Rab1 Qa5 20. Re2 Bd4 21. Rxb7 Bc5 22. Ne7+ Bxe7 23. Rexe7 Rac8 1/2-1/2

[Event "Porlamar op"]
[Site "Porlamar"]
[Date "2014.01.05"]
[Round "5"]
[White "Perez Sanchez, Ricardo Jose"]
[Black "Guaimare Rodriguez, Carlos Luis"]
[Result "1/2-1/2"]
[WhiteElo "1928"]
[BlackElo "1884"]
[PlyCount "62"]
[EventDate "2014.01.03"]
[EventType "swiss"]
[EventRounds "6"]
[EventCountry "VEN"]
[SourceTitle "EXT 2015"]
[Source "ChessBase"]
[SourceDate "2014.11.20"]
[SourceVersion "1"]
[SourceVersionDate "2014.11.20"]
[SourceQuality "1"]

1. e4 e6 2. d4 d5 3. Nd2 Nf6 4. e5 Nfd7 5. f4 c5 6. c3 Nc6 7. Ngf3 Be7 8. Be2 0-0 9. 0-0 cxd4 10. cxd4 Qb6 11. Nb3 a5 12. a4 f6 13. Kh1 fxe5 14. fxe5 Qd8 15. Bd2 Nb6 16. Bc3 Bd7 17. Nc5 Qc8 18. Bb5 Be8 19. Rc1 Bxc5 20. dxc5 Nd7 21. Bd4 Bh5 22. Qd2 Bxf3 23. gxf3 Ndxe5 24. Rg1 Nxd4 25. Qxd4 Ng6 26. c6 Qc7 27. cxb7 Qxb7 28. Bc6 Qa7 29. Qg4 Rad8 30. Qxe6+ Qf7 31. Qxf7+ Rxf7 1/2-1/2

[Event "Porlamar Sabanamar Cup 2nd"]
[Site "Porlamar"]
[Date "2013.11.24"]
[Round "5"]
[White "Rondon Chacon, Rene Ibrahim"]
[Black "Perez Sanchez, Ricardo Jose"]
[Result "0-1"]
[WhiteElo "2140"]
[BlackElo "1915"]
[PlyCount "136"]
[EventDate "2013.11.22"]
[EventType "swiss"]
[EventRounds "5"]
[EventCountry "VEN"]
[SourceTitle "EXT 2022"]
[Source "ChessBase"]
[SourceDate "2021.10.06"]
[SourceVersion "1"]
[SourceVersionDate "2021.10.06"]
[SourceQuality "1"]

1. e4 d5 2. exd5 Qxd5 3. c4 Qd6 4. Nf3 Bg4 5. Be2 Nf6 6. 0-0 Nc6 7. Nc3 e5 8. h3 Bf5 9. Re1 0-0-0 10. b3 h6 11. Bb2 e4 12. Nh4 Bh7 13. Bg4+ Kb8 14. Bf5 Qxd2 15. Qxd2 Rxd2 16. Bxh7 Rxb2 17. Bxe4 Bb4 18. Bxc6 Bxc3 19. Re7 bxc6 20. Rd1 Kc8 21. Rxf7 Ne4 22. Ng6 Re8 23. Ne7+ Kb7 24. Nf5 Be5 25. Re1 Ng5 26. Rxg7 Bh2+ 27. Kf1 Rxe1+ 28. Kxe1 Ne4 29. g3 Nxf2 30. Nxh6 Nxh3 31. Nf5 Nf2 32. b4 Nd3+ 33. Kd1 Nxb4 34. c5 Nd5 35. a4 Rg2 36. Ke1 Ra2 37. Kf1 Ra1+ 38. Kg2 Bg1 39. Nd6+ Ka6 40. Ne4 Bd4 41. Rg6 Kb7 42. Rg8 Rxa4 43. g4 Nf6 44. Nxf6 Bxf6 45. Kf3 Be7 46. g5 Ra1 47. Ke4 Rg1 48. g6 Bxc5 49. Kd3 a5 50. Kc4 Bd6 51. Kb3 Rg4 52. g7 Be5 53. Re8 Bxg7 54. Ka3 Rb4 55. Ka2 c5 56. Re7 Bf8 57. Re5 Bd6 58. Rh5 Kb6 59. Rf5 c4 60. Rf3 Kb5 61. Rf5+ c5 62. Rf6 Be5 63. Rf5 Bd4 64. Rf8 c3 65. Rb8+ Kc4 66. Ra8 c2 67. Rxa5 c1N+ 68. Ka3 Bb2# 0-1

[Event "Sabanamar Barkery y Dely-ch I"]
[Site "Porlamar"]
[Date "2012.06.16"]
[Round "4"]
[White "Perez Sanchez, Ricardo Jose"]
[Black "Romagnone, Ivano"]
[Result "1-0"]
[WhiteElo "1961"]
[BlackElo "1952"]
[PlyCount "47"]
[EventDate "2012.06.13"]
[EventType "tourn"]
[EventRounds "7"]
[EventCountry "VEN"]
[SourceTitle "EXT 2022"]
[Source "ChessBase"]
[SourceDate "2021.10.06"]
[SourceVersion "1"]
[SourceVersionDate "2021.10.06"]
[SourceQuality "1"]

1. e4 d5 2. e5 Bf5 3. d4 e6 4. Be3 c5 5. dxc5 Nc6 6. Bb5 Nge7 7. b4 Qc7 8. f4 0-0-0 9. c3 d4 10. Bxd4 Nxd4 11. cxd4 Nc6 12. Bxc6 Qxc6 13. Kf2 Qe4 14. Ne2 Bg4 15. Nbc3 Bxe2 16. Nxe4 Bxd1 17. Raxd1 Be7 18. Nd6+ Bxd6 19. cxd6 Kd7 20. Rc1 Rc8 21. Ke3 f6 22. Kd2 fxe5 23. dxe5 Rc6 24. b5 1-0